Score 0/64 Timer 07:00
0 Plays Today
% Correct
SHALL
94.5%
MARS
93.9%
HALL
92.8%
MALL
90.1%
HARM
84%
MARSH
83.4%
RASH
82.9%
SHAM
82.9%
HALLS
82.9%
RAMS
81.8%
MALLS
81.2%
LASH
80.1%
HARMS
79.6%
MASH
77.3%
HAMS
75.1%
LAMS
72.9%
ARMS
71.3%
SLAM
71.3%
SMALL
67.4%
ALAR
66.9%
ALLS
64.6%
ALARM
63%
MARL
60.2%
ALMS
58%
ALAS
57.5%
SALL
57.5%
ALARMS
57.5%
LARS
53.6%
LAMA
47%
MARLS
47%
LAMAS
42%
MARA
40.3%
% Correct
MARSHAL
39.2%
HARL
38.7%
LLAMA
38.7%
ALMA
37.6%
AMAS
35.4%
LLAMAS
35.4%
HALM
32.6%
HARLS
32%
AAHS
31.5%
AALS
28.7%
ALMAS
28.2%
HALMS
25.4%
MALAR
18.8%
HAAR
18.2%
HAMAL
15.5%
HAARS
14.4%
MALARS
14.4%
MAAR
13.8%
HAMALS
13.8%
AMAH
13.3%
HALAL
13.3%
HALMA
11.6%
AMAHS
11%
MAARS
11%
ASHRAM
10.5%
HALMAS
10.5%
LAHAR
7.2%
SALAL
7.2%
ALMAH
6.6%
ALMAHS
6.6%
ASHLAR
6.6%
LAHARS
6.1%
Remove Ads.
Support Sporcle.
Get the best of Sporcle when you Go Orange. This ad-free experience offers more features, more stats, and more fun while also helping to support Sporcle. Thank you for becoming a member.

You're not logged in!

Compare scores with friends on all Sporcle quizzes.
OR
Log In

Sporcle TV

Today on Sporcle TV


Watch our educational content, quiz creation guides, and fun videos on Sporcle TV.

Show Comments

Extras

Top Quizzes Today


Score Distribution

Paid Content

Your Account Isn't Verified!

In order to create a playlist on Sporcle, you need to verify the email address you used during registration. Go to your Sporcle Settings to finish the process.

Report this User

Report this user for behavior that violates our Community Guidelines.

Details: